LEADER 00834nam0-22003011i-450- 001 990000492250403321 005 20081125114411.0 010 $a88-7081-405-X 035 $a000049225 035 $aFED01000049225 035 $a(Aleph)000049225FED01 035 $a000049225 100 $a20020821d1988----km-y0itay50------ba 101 1 $aita$ceng 105 $aa-------001yy 200 1 $aWordstar versione Italiana 4$fGreg Harvey 210 $aMilano$cTecniche Nuove$dİ1988 215 $a311 p.$cill.$d24 cm 610 0 $aVideoscrittura$aProgrammi specifici$aWordstar 676 $a652.55369 700 1$aHarvey,$bGreg 801 0$aIT$bUNINA$gRICA$2UNIMARC 901 $aBK 912 $a990000492250403321 952 $a10 P.T. 546$b1636 DIS$fDINEL 952 $a10 P.T. 546/A$b816 DEE$fDINEL 959 $aDINEL 997 $aUNINA